LEADER 01785cam a2200313 a 4500
008 100218s2010 ohu b 001 0 eng c
020 |a 9788125044529 
082 0 0 |a IN823.009  |2 22 
100 1 |a Jani, Pranav. 
245 1 0 |a Decentering Rushdie :  |b cosmopolitanism and the Indian novel in English /  |c Pranav Jani. 
260 |a New Delhi:  |b Orient Blackswan,  |c c2010. 
300 |a 275 p. ;  |c 24 cm. 
504 |a Includes bibliographical references (p. 251-266) and index. 
505 0 |a The multiple cosmopolitanisms of the Indian novel in English -- Dawn of freedom : namak-halaal cosmopolitanisms in A time to be happy and The coffer dams -- Twilight years : women, nation, and interiority in The day in shadow and Clear light of day -- After midnight : class and nation in Midnight's children and Rich like us -- "Naaley. Tomorrow." Suffering and redemption in The god of small things. 
650 0 |a Indic fiction (English)  |y 20th century  |x History and criticism. 
650 0 |a Postcolonialism  |z India. 
650 0 |a Postcolonialism in literature. 
650 0 |a Cosmopolitanism  |z India. 
650 0 |a Cosmopolitanism in literature. 
942 |c BK 
600 1 0 |a Sahgal, Nayantara,  |d 1927-  |x Criticism and interpretation. 
600 1 0 |a Markandaya, Kamala,  |d 1924-2004  |x Criticism and interpretation. 
600 1 0 |a Desai, Anita,  |d 1937-  |x Criticism and interpretation. 
600 1 0 |a Rushdie, Salman  |x Criticism and interpretation. 
600 1 0 |a Roy, Arundhati  |x Criticism and interpretation. 
906 |a 7  |b cbc  |c orignew  |d 1  |e ecip  |f 20  |g y-gencatlg 
955 |a OU  |a xe13 2010-12-20 2 copies rec'd., to CIP ver. 
999 |c 106145  |d 106145 
952 |0 0  |1 0  |4 0  |6 IN_823_009000000000000_JAN_D  |7 0  |9 109546  |a UL  |b UL  |c ST1  |d 2014-12-06  |e 2  |g 490.20  |l 1  |o IN823.009 JAN/D  |p 93265  |r 2019-01-16  |s 2018-10-06  |v 645.00  |y BK